000 00449nam a2200169Ia 4500
003 GCL
008 140319s9999 xx 000 0 eng d
040 _aGCL /
_cGCL
082 0 4 _a778.599
_bB S
100 1 _aBEECHING STEVE
245 1 0 _aSERVICING VIDEOCASSETTE RECORDERS /
_cBEECHING STEVE
260 _a[S.N] :
_bLINACRE HOUSE
650 0 4 _aVIDEO CASSETTES
650 0 4 _aRECORDER (MUSICAL INSTRUMENT)
650 0 4 _aRECORDERS
942 _2ddc
_cBK
999 _c11179
_d11179